Statistics for Cinco Países Más Islámicos por Continente

Click here to take the quiz!

General Stats

  • This quiz has been taken 64 times
    (63 since last reset)
  • The average score is 20 of 28

Answer Stats

Porcentaje de musulmanes País % Correct
99.9%Marruecos
94%
0.1%Brasil
89%
99.0%Yemen
87%
82.1%Albania
87%
41.6%Bosnia y Herzegovina
87%
91.7%Kosovo
87%
15.9%Surinam
87%
2.8%Canadá
87%
2.5%Argentina
87%
98.9%Irak
85%
1.9%Australia
85%
99.8%Túnez
83%
7.2%Guyana
83%
0.9%Nueva Zelanda
81%
98.3%Níger
78%
98.6%Somalia
78%
98.8%Jordania
76%
34.9%República de
Macedonia
74%
99.8%Afganistán
74%
18.5%Montenegro
63%
5.8%Trinidad y Tobago
63%
0.9%Barbados
61%
6.3%Fiyi
54%
0.7%Panamá
48%
1.7%San Vicente y las
Granadinas
48%
0.5%Tuvalu
46%
98.3%Comoras
39%
99.0%Tayikistán
30%

Score Distribution

Percentile by Number Answered

Percent of People with Each Score

Your Score History

You have not taken this quiz since the last reset